[Event "USA-ch"]
[Site "San Diego"]
[Date "2004.11.29"]
[Round "5"]
[White "Hahn, Anna"]
[Black "Lopez, Bruci"]
[Result "1-0"]
[WhiteElo "2235"]
[BlackElo "2403"]
[PlyCount "61"]
[EventDate "2004.11.24"]
[EventType "swiss"]
[EventRounds "9"]
[EventCountry "USA"]
[SourceTitle "CBM 105"]
[Source "ChessBase"]
[SourceDate "2005.04.11"]
[SourceVersion "1"]
[SourceVersionDate "2005.04.11"]
[SourceQuality "1"]

1. d4 Nf6 2. c4 g6 3. Nc3 Bg7 4. e4 d6 5. Nge2 0-0 6. Ng3 c5 7. d5 e6 8. Be2 exd5 9. cxd5 Re8 10. 0-0 a6 11. a4 Nbd7 12. Ra3 Qe7 13. f4 h5 14. e5 dxe5 15. d6 Qd8 16. f5 Nf8 17. Bc4 gxf5 18. Nxf5 Be6 19. Nd5 Nxd5 20. Bxd5 Ng6 21. Bxe6 Rxe6 22. Qxh5 Nf4 23. Bxf4 exf4 24. Nxg7 Kxg7 25. Rxf4 Qe8 26. Rh3 Rxd6 27. Rg4+ Rg6 28. Qh7+ Kf8 29. Qh8+ Ke7 30. Qe5+ Re6 31. Qxc5+ 1-0

[Event "USA-ch"]
[Site "San Diego"]
[Date "2004.11.28"]
[Round "4"]
[White "Epstein, Esther"]
[Black "Hahn, Anna"]
[Result "1/2-1/2"]
[WhiteElo "2188"]
[BlackElo "2235"]
[PlyCount "96"]
[EventDate "2004.11.24"]
[EventType "swiss"]
[EventRounds "9"]
[EventCountry "USA"]
[SourceTitle "CBM 105"]
[Source "ChessBase"]
[SourceDate "2005.04.11"]
[SourceVersion "1"]
[SourceVersionDate "2005.04.11"]
[SourceQuality "1"]

1. e4 c5 2. Nf3 Nc6 3. c3 Nf6 4. e5 Nd5 5. d4 cxd4 6. cxd4 d6 7. Bc4 e6 8. 0-0 Be7 9. Qe2 0-0 10. Nc3 Nb6 11. Bd3 d5 12. Bb1 Nd7 13. Qd3 f5 14. exf6 Nxf6 15. Re1 Nb4 16. Qe2 Nc6 17. Bg5 Bd7 18. Qd3 Nb4 19. Qd2 Nc6 20. a3 Qe8 21. Bf4 Qh5 22. Bg3 Rac8 23. Ba2 Kh8 24. Rad1 b6 25. Ne5 Nxe5 26. Rxe5 Qf7 27. Rde1 Bd6 28. R5e3 Bxg3 29. Rxg3 a5 30. Bb1 b5 31. Nd1 b4 32. axb4 axb4 33. Rb3 Rb8 34. Rxb4 Rxb4 35. Qxb4 Rc8 36. Ne3 Qe8 37. Qd6 Rc6 38. Qf4 Rb6 39. Nd1 Qa8 40. Qd2 Qb8 41. h3 Ba4 42. Bc2 Bxc2 43. Qxc2 Ne4 44. Re3 Rb4 45. f3 Rc4 46. Qb3 Rb4 47. Qc2 Rc4 48. Qb3 Rb4 1/2-1/2

[Event "New York Masters 56th"]
[Site "New York"]
[Date "2003.05.13"]
[Round "1"]
[White "Hahn, Anna"]
[Black "Bonin, Jay R"]
[Result "0-1"]
[WhiteElo "2218"]
[BlackElo "2370"]
[PlyCount "56"]
[EventDate "2003.05.13"]
[EventType "swiss (rapid)"]
[EventRounds "4"]
[EventCountry "USA"]
[SourceTitle "CBM 094 Extra"]
[Source "ChessBase"]
[SourceDate "2003.07.09"]
[SourceVersion "2"]
[SourceVersionDate "2003.07.09"]
[SourceQuality "1"]

1. d4 Nc6 2. c4 e5 3. d5 Nce7 4. e4 Nf6 5. Nc3 Ng6 6. Nf3 Bc5 7. Bd3 0-0 8. 0-0 a5 9. a3 d6 10. Rb1 Nh5 11. b4 axb4 12. axb4 Bb6 13. Na4 Ba7 14. Bc2 Nhf4 15. c5 Bg4 16. g3 Qf6 17. Rb3 Bxc5 18. Nxc5 dxc5 19. bxc5 Ra1 20. gxf4 Nxf4 21. Kh1 Nh3 22. Qe2 Rfa8 23. Rc3 R8a2 24. Kg2 Rxc1 25. Rxc1 Nf4+ 26. Kf1 Nxe2 27. Kxe2 Qf4 28. Re3 Bxf3+ 0-1

[Event "World-ch (Women) k.o."]
[Site "New Delhi"]
[Date "2000.12.01"]
[Round "2.2"]
[White "Xu, Yuhua"]
[Black "Hahn, Anna"]
[Result "1-0"]
[WhiteElo "2505"]
[BlackElo "2218"]
[PlyCount "81"]
[EventDate "2000.11.27"]
[EventType "k.o."]
[EventRounds "6"]
[EventCountry "IND"]
[SourceTitle "CBM 079 Extra"]
[Source "ChessBase"]
[SourceDate "2001.01.11"]
[SourceVersion "2"]
[SourceVersionDate "2001.01.25"]
[SourceQuality "1"]

1. e4 c5 2. Nf3 e6 3. b3 Nc6 4. Bb2 Nge7 5. Bb5 Ng6 6. 0-0 f6 7. d4 cxd4 8. Nxd4 Bc5 9. Nxc6 bxc6 10. Bd3 0-0 11. c4 Nf4 12. Nc3 e5 13. Ne2 Nxd3 14. Qxd3 d6 15. Rad1 f5 16. Bxe5 fxe4 17. Qg3 Rf6 18. Qg5 Bd7 19. Bxf6 Qxf6 20. Qxf6 gxf6 21. Nd4 Kf7 22. Nc2 Ke7 23. Rfe1 f5 24. g3 Be6 25. Kg2 Rg8 26. b4 Bb6 27. Nd4 Bd7 28. Nb3 Be6 29. c5 Bc7 30. Nd4 Bd7 31. Rb1 Rb8 32. Rec1 a6 33. cxd6+ Kxd6 34. Rd1 Ke7 35. Rbc1 Rb6 36. Rc5 f4 37. Re1 e3 38. gxf4 Bxf4 39. a3 Kd6 40. fxe3 Bh6 41. Rh5 1-0

[Event "Olympiad Women-34"]
[Site "Istanbul"]
[Date "2000.11.06"]
[Round "9.2"]
[White "Hahn, Anna"]
[Black "Blanco Acevedo, Maria Carolina"]
[Result "0-1"]
[WhiteElo "2218"]
[BlackElo "2030"]
[PlyCount "67"]
[EventDate "2000.10.28"]
[EventType "team-swiss"]
[EventRounds "14"]
[EventCountry "TUR"]
[SourceTitle "EXT 2001"]
[Source "ChessBase"]
[SourceDate "2000.11.22"]
[SourceVersion "1"]
[SourceVersionDate "2000.11.22"]
[SourceQuality "1"]
[WhiteTeam "United States (W)"]
[BlackTeam "Venezuela (W)"]
[WhiteTeamCountry "USA"]
[BlackTeamCountry "VEN"]

1. Nf3 d5 2. g3 c6 3. Bg2 g6 4. 0-0 Bg7 5. d3 Nf6 6. Nbd2 Nbd7 7. c4 0-0 8. Rb1 dxc4 9. dxc4 Nc5 10. b4 Bf5 11. bxc5 Bxb1 12. Nxb1 Qa5 13. Qb3 Qxc5 14. Ba3 Qb6 15. Bxe7 Rfe8 16. Qa3 Ne4 17. Bb4 a5 18. Bd2 Nxd2 19. Nbxd2 Rxe2 20. Qd3 Rae8 21. Ng5 Qd4 22. Qxd4 Bxd4 23. Ngf3 Bc3 24. Nb1 Bb4 25. a3 Bc5 26. Nfd2 Rd8 27. Ne4 Bd4 28. Bf3 Rc2 29. Ned2 Bb2 30. Ne4 Rxc4 31. Nbd2 Rc2 32. Nb3 f5 33. Bd1 Rc4 34. Nec5 0-1

[Event "Olympiad Women-34"]
[Site "Istanbul"]
[Date "2000.11.02"]
[Round "6.2"]
[White "Mkrtchian, Lilit"]
[Black "Hahn, Anna"]
[Result "1-0"]
[WhiteElo "2312"]
[BlackElo "2218"]
[PlyCount "107"]
[EventDate "2000.10.28"]
[EventType "team-swiss"]
[EventRounds "14"]
[EventCountry "TUR"]
[SourceTitle "EXT 2001"]
[Source "ChessBase"]
[SourceDate "2000.11.22"]
[SourceVersion "1"]
[SourceVersionDate "2000.11.22"]
[SourceQuality "1"]
[WhiteTeam "Armenia (W)"]
[BlackTeam "United States (W)"]
[WhiteTeamCountry "ARM"]
[BlackTeamCountry "USA"]

1. e4 c5 2. Nf3 Nc6 3. Nc3 e5 4. Bc4 d6 5. d3 Be7 6. Nd2 Bg5 7. h4 Bh6 8. Qh5 g6 9. Qd1 Be6 10. Nf1 Bxc1 11. Qxc1 h5 12. Ne3 Qd7 13. Ned5 Bxd5 14. Nxd5 0-0-0 15. Qg5 Nd4 16. 0-0-0 Ne6 17. Qe3 Ne7 18. Nf6 Qa4 19. Qh3 Kb8 20. Bxe6 fxe6 21. Qxe6 Nc6 22. c3 b5 23. Kb1 b4 24. Nd5 Rhg8 25. Rd2 Qa5 26. Rc1 Qb5 27. Qf7 Rc8 28. Nf6 Rgd8 29. Qxg6 bxc3 30. Rxc3 Nd4 31. Qxh5 Rc6 32. Nd5 Ra6 33. Qf7 Rc8 34. Nf6 Qa5 35. Nd7+ Ka8 36. Qd5+ Nc6 37. Nf6 Rb8 38. Rdc2 Qd8 39. Ng4 Rb7 40. Qc4 Rab6 41. Ne3 Qxh4 42. b3 Qd8 43. Rb2 Rh7 44. Rc1 Kb8 45. Qe6 Nd4 46. Qd5 Qf8 47. Nc4 Ra6 48. b4 Rb7 49. bxc5 Rxb2+ 50. Nxb2 Rc6 51. f3 Qg7 52. Nc4 Qb7+ 53. Ka1 Qb4 54. Nxd6 1-0

[Event "Olympiad Women-34"]
[Site "Istanbul"]
[Date "2000.10.30"]
[Round "3.2"]
[White "Le, Kieu Thien Kim"]
[Black "Hahn, Anna"]
[Result "1/2-1/2"]
[WhiteElo "2331"]
[BlackElo "2218"]
[PlyCount "110"]
[EventDate "2000.10.28"]
[EventType "team-swiss"]
[EventRounds "14"]
[EventCountry "TUR"]
[SourceTitle "EXT 2001"]
[Source "ChessBase"]
[SourceDate "2000.11.22"]
[SourceVersion "1"]
[SourceVersionDate "2000.11.22"]
[SourceQuality "1"]
[WhiteTeam "Vietnam (W)"]
[BlackTeam "United States (W)"]
[WhiteTeamCountry "VIE"]
[BlackTeamCountry "USA"]

1. d4 g6 2. Nf3 Bg7 3. Bf4 Nf6 4. e3 d6 5. h3 c5 6. c3 cxd4 7. exd4 0-0 8. Nbd2 Be6 9. Bd3 Qb6 10. Qc1 Nc6 11. 0-0 Rac8 12. Re1 Rfe8 13. Qb1 Bd5 14. a4 Na5 15. Bb5 Nc6 16. c4 Bxf3 17. Nxf3 a6 18. a5 Qd8 19. Ba4 Nd7 20. Be3 e5 21. dxe5 dxe5 22. Nd2 Nd4 23. Ne4 Re6 24. Qa2 Nc5 25. Nxc5 Rxc5 26. b4 Rc8 27. Rad1 Qe7 28. c5 Bf6 29. Bxd4 exd4 30. Rxe6 Qxe6 31. Qxe6 fxe6 32. Bd7 Rd8 33. Bxe6+ Kf8 34. Bc4 d3 35. Rxd3 Rxd3 36. Bxd3 Bc3 37. Bxa6 Bxb4 38. Bxb7 Bxa5 39. Kf1 Ke7 40. Be4 Kf6 41. Ke2 Ke5 42. Ke3 g5 43. Bxh7 Kd5 44. f4 gxf4+ 45. Kxf4 Kxc5 46. Kf5 Kd6 47. g4 Ke7 48. Kg6 Be1 49. Bg8 Kf8 50. Bb3 Bh4 51. Kh5 Bd8 52. h4 Kg7 53. g5 Ba5 54. Kg4 Bd2 55. Kf5 Bc1 1/2-1/2

[Event "USA-ch (Women)"]
[Site "Seattle"]
[Date "2000.10.05"]
[Round "9"]
[White "Hahn, Anna"]
[Black "Groberman, Elina"]
[Result "1/2-1/2"]
[WhiteElo "2265"]
[BlackElo "2054"]
[PlyCount "85"]
[EventDate "2000.09.25"]
[EventType "tourn"]
[EventRounds "9"]
[EventCountry "USA"]
[SourceTitle "CBM 078 Extra"]
[Source "ChessBase"]
[SourceDate "2000.11.10"]
[SourceVersion "1"]
[SourceVersionDate "2000.11.10"]
[SourceQuality "1"]

1. g3 Nf6 2. Bg2 g6 3. Nf3 Bg7 4. 0-0 0-0 5. c4 d6 6. Nc3 e5 7. d3 Nc6 8. Rb1 Bf5 9. b4 Qd7 10. Ng5 h6 11. Nge4 Nxe4 12. Nxe4 Kh8 13. b5 Nd8 14. Bd2 Bh3 15. Qc1 Bxg2 16. Kxg2 f5 17. Nc3 Kh7 18. e3 f4 19. f3 fxe3 20. Bxe3 Ne6 21. Qd2 Rf5 22. Qe2 b6 23. Ne4 h5 24. g4 Nf4+ 25. Bxf4 Rxf4 26. h3 a5 27. bxa6 Rxa6 28. Rb5 Rf8 29. Rfb1 Qe7 30. R5b2 Bh6 31. Rc2 Ra5 32. Nc3 Qf7 33. Nd5 Bg5 34. Qe4 Kh6 35. Nc3 Qd7 36. Rh1 h4 37. Rb1 Rfa8 38. Qe2 Qf7 39. Rcb2 Qf4 40. Qf2 Rf8 41. Nd5 Qf7 42. Qe2 Rfa8 43. Nc3 1/2-1/2

[Event "USA-ch (Women)"]
[Site "Seattle"]
[Date "2000.10.02"]
[Round "7"]
[White "Hahn, Anna"]
[Black "Gorlin, Yelena"]
[Result "1/2-1/2"]
[WhiteElo "2265"]
[BlackElo "2110"]
[PlyCount "71"]
[EventDate "2000.09.25"]
[EventType "tourn"]
[EventRounds "9"]
[EventCountry "USA"]
[SourceTitle "CBM 078 Extra"]
[Source "ChessBase"]
[SourceDate "2000.11.10"]
[SourceVersion "1"]
[SourceVersionDate "2000.11.10"]
[SourceQuality "1"]

1. g3 e6 2. Bg2 Nf6 3. Nf3 a6 4. c4 b5 5. b3 c5 6. 0-0 Bb7 7. Nc3 Qb6 8. e3 Be7 9. d4 0-0 10. d5 exd5 11. Nxd5 Nxd5 12. cxd5 d6 13. e4 Nd7 14. Be3 f5 15. Ng5 Bxg5 16. Bxg5 Rae8 17. exf5 Rxf5 18. Bf4 Rff8 19. Re1 Nf6 20. Qd2 Bc8 21. Rxe8 Rxe8 22. Re1 Rxe1+ 23. Qxe1 Qd8 24. h3 b4 25. Qe2 Qe8 26. Qe3 Qxe3 27. fxe3 Ne8 28. Bf1 Kf7 29. Kf2 Ke7 30. Kf3 h6 31. e4 Nc7 32. h4 h5 33. Bc4 Nb5 34. Bxb5 axb5 35. Ke3 g6 36. Kd3 1/2-1/2

[Event "USA-ch (Women)"]
[Site "Seattle"]
[Date "2000.09.28"]
[Round "4"]
[White "Sagalchik, Olga"]
[Black "Hahn, Anna"]
[Result "1/2-1/2"]
[WhiteElo "2145"]
[BlackElo "2265"]
[PlyCount "92"]
[EventDate "2000.09.25"]
[EventType "tourn"]
[EventRounds "9"]
[EventCountry "USA"]
[SourceTitle "CBM 078 Extra"]
[Source "ChessBase"]
[SourceDate "2000.11.10"]
[SourceVersion "1"]
[SourceVersionDate "2000.11.10"]
[SourceQuality "1"]

1. d4 g6 2. c4 Bg7 3. e4 c5 4. Ne2 Qb6 5. dxc5 Qxc5 6. Nbc3 Nc6 7. Be3 Qa5 8. a3 Nf6 9. b4 Qd8 10. Rc1 Ng4 11. Bg5 h6 12. Bh4 d6 13. Qd2 0-0 14. h3 Nge5 15. Nd5 g5 16. Bg3 f5 17. exf5 Bxf5 18. Nec3 Nd4 19. Qd1 e6 20. Ne3 Qf6 21. Nxf5 exf5 22. f4 gxf4 23. Bxf4 Rae8 24. Kf2 Ng6 25. Nd5 Qd8 26. g3 Nxf4 27. Nxf4 Re4 28. h4 Rfe8 29. Bd3 Re3 30. Nd5 Rf3+ 31. Kg2 f4 32. gxf4 Qd7 33. Rh2 Qg4+ 34. Kh1 Kh8 35. h5 Qg3 36. Bg6 Re6 37. Qg1 Qxg1+ 38. Rxg1 Ne2 39. f5 Re5 40. Re1 Ng3+ 41. Kg2 Rxa3 42. Rxe5 Bxe5 43. Rh4 Ra2+ 44. Kf3 Ra3+ 45. Kg2 Ra2+ 46. Kf3 Ra3+ 1/2-1/2

[Event "New York op"]
[Site "New York"]
[Date "2000.05.05"]
[Round "2"]
[White "Hahn, Anna"]
[Black "Kekelidze, Mikheil"]
[Result "0-1"]
[WhiteElo "2265"]
[BlackElo "2461"]
[PlyCount "48"]
[EventDate "2000.05.05"]
[EventType "swiss"]
[EventRounds "9"]
[EventCountry "USA"]
[SourceTitle "CBM 076 Extra"]
[Source "ChessBase"]
[SourceDate "2000.07.11"]
[SourceVersion "1"]
[SourceVersionDate "2000.07.11"]
[SourceQuality "1"]

1. d4 Nf6 2. c4 c5 3. d5 e6 4. Nc3 exd5 5. cxd5 d6 6. e4 g6 7. f4 Bg7 8. Bb5+ Nfd7 9. Nf3 0-0 10. 0-0 a6 11. Bd3 b5 12. Kh1 Re8 13. Bc2 b4 14. Ne2 a5 15. Rb1 Ba6 16. Re1 Nf6 17. Neg1 Nbd7 18. Nh3 Nb6 19. Nf2 Ra7 20. g4 Rae7 21. g5 Nfxd5 22. exd5 Rxe1+ 23. Nxe1 Be2 24. Qd2 Nc4 0-1

[Event "USA-ch (Women)"]
[Site "Salt Lake City"]
[Date "1999.08.30"]
[Round "8"]
[White "Groberman, Elina"]
[Black "Hahn, Anna"]
[Result "0-1"]
[WhiteElo "2062"]
[BlackElo "2257"]
[PlyCount "78"]
[EventDate "1999.08.05"]
[EventType "tourn"]
[EventRounds "9"]
[EventCountry "USA"]
[SourceTitle "CBM 073 Extra"]
[Source "ChessBase"]
[SourceDate "2000.01.11"]
[SourceVersion "1"]
[SourceVersionDate "2000.01.11"]
[SourceQuality "1"]

1. e4 c5 2. Nf3 Nc6 3. d4 cxd4 4. Nxd4 e5 5. Nb5 d6 6. N1c3 a6 7. Na3 b5 8. Nd5 Nce7 9. c4 Nxd5 10. exd5 bxc4 11. Nxc4 Nf6 12. Be2 Be7 13. 0-0 0-0 14. Ne3 Ne8 15. Kh1 f5 16. f3 f4 17. Nc4 Nf6 18. Bd2 Nh5 19. Ba5 Qe8 20. Be1 Rb8 21. Bd3 Bf5 22. Bxf5 Rxf5 23. Rc1 Qg6 24. Qa4 Rg5 25. Qc2 Qf7 26. Na5 Bf8 27. Bh4 Rg6 28. Qd2 Rh6 29. Nc6 Rb5 30. Rfd1 g5 31. Bxg5 Ng3+ 32. Kg1 Rh5 33. Nd8 Qa7+ 34. Qf2 Ne2+ 35. Kf1 Qxf2+ 36. Kxf2 Nxc1 37. Rxc1 Rxb2+ 38. Kf1 Rxg5 39. Ne6 Rf5 0-1

[Event "USA-ch (Women)"]
[Site "Denver"]
[Date "1998.11.08"]
[Round "9"]
[White "Burtman, Sharon"]
[Black "Hahn, Anna"]
[Result "0-1"]
[WhiteElo "2090"]
[BlackElo "2260"]
[PlyCount "60"]
[EventDate "1998.10.31"]
[EventType "tourn"]
[EventRounds "11"]
[EventCountry "USA"]
[SourceTitle "CBM 067 Extra"]
[Source "ChessBase"]
[SourceDate "1999.01.01"]
[SourceVersion "1"]
[SourceVersionDate "1999.01.01"]
[SourceQuality "1"]

1. d4 d5 2. c4 c6 3. Nf3 Nf6 4. Nc3 e6 5. e3 Nbd7 6. Qc2 Be7 7. Be2 0-0 8. 0-0 b6 9. e4 dxe4 10. Nxe4 Bb7 11. Rd1 Qc7 12. Bg5 Rfe8 13. Bd3 h6 14. Bxf6 Nxf6 15. Nxf6+ Bxf6 16. c5 Rad8 17. a4 Qf4 18. Be4 Re7 19. g3 Qc7 20. b4 Red7 21. b5 bxc5 22. dxc5 Bxa1 23. Rxa1 Re7 24. Re1 f5 25. Bxc6 Bxc6 26. bxc6 Rd5 27. Qb2 Qxc6 28. Ne5 Qxc5 29. Rc1 Qd6 30. Rc6 Qxe5 0-1

[Event "USA-ch (Women)"]
[Site "Denver"]
[Date "1998.11.02"]
[Round "3"]
[White "Hahn, Anna"]
[Black "Sagalchik, Olga"]
[Result "1-0"]
[WhiteElo "2260"]
[BlackElo "2140"]
[PlyCount "65"]
[EventDate "1998.10.31"]
[EventType "tourn"]
[EventRounds "11"]
[EventCountry "USA"]
[SourceTitle "CBM 067 Extra"]
[Source "ChessBase"]
[SourceDate "1999.01.01"]
[SourceVersion "1"]
[SourceVersionDate "1999.01.01"]
[SourceQuality "1"]

1. d4 Nf6 2. c4 d6 3. Nf3 Nbd7 4. Nc3 c6 5. e4 e5 6. Be2 Be7 7. 0-0 0-0 8. Qc2 Re8 9. Rd1 Bf8 10. Bg5 Qc7 11. a3 a6 12. b4 b5 13. cxb5 cxb5 14. Rac1 Bb7 15. d5 Rac8 16. Qd3 Qd8 17. Nd2 Be7 18. Nb3 Nb6 19. Na5 Ba8 20. Be3 Nc4 21. Nxc4 Rxc4 22. Qb1 Rc8 23. a4 Rf8 24. axb5 axb5 25. Nxb5 Rb8 26. Na7 Qd7 27. Nc6 Rbc8 28. b5 Bb7 29. Rc3 Ra8 30. b6 Bd8 31. f3 Ne8 32. Bb5 f5 33. Na5 1-0

[Event "USA-ch (Women)"]
[Site "Denver"]
[Date "1998.11.01"]
[Round "2"]
[White "Shahade, Jennifer"]
[Black "Hahn, Anna"]
[Result "1-0"]
[WhiteElo "2185"]
[BlackElo "2260"]
[PlyCount "77"]
[EventDate "1998.10.31"]
[EventType "tourn"]
[EventRounds "11"]
[EventCountry "USA"]
[SourceTitle "CBM 067 Extra"]
[Source "ChessBase"]
[SourceDate "1999.01.01"]
[SourceVersion "1"]
[SourceVersionDate "1999.01.01"]
[SourceQuality "1"]

1. e4 c5 2. Nf3 Nc6 3. Bb5 e6 4. 0-0 Nge7 5. Nc3 Ng6 6. d4 cxd4 7. Nxd4 Be7 8. Be3 0-0 9. f4 a6 10. Be2 b5 11. Nxc6 dxc6 12. e5 Qc7 13. Ne4 c5 14. g3 Bb7 15. Bf3 Rad8 16. Qe2 c4 17. Qf2 Bxe4 18. Bxe4 Rd7 19. c3 Rc8 20. Kg2 Bc5 21. Bxc5 Qxc5 22. Qxc5 Rxc5 23. Rad1 Rcc7 24. Rd6 Ra7 25. Rfd1 Nf8 26. Kf3 f5 27. Bc6 Rxd6 28. exd6 Nd7 29. Ke3 Kf7 30. Kd4 Ke8 31. Re1 Kf7 32. Bxd7 Rxd7 33. Kc5 h6 34. Kc6 Ra7 35. d7 Ra8 36. Kb7 Rf8 37. Kc7 Ke7 38. Rd1 Rd8 39. Rd6 1-0

[Event "US Open-98"]
[Site "Kissimmee"]
[Date "1997.08.11"]
[Round "6"]
[White "Owen, Steven"]
[Black "Hahn, Anna"]
[Result "1/2-1/2"]
[WhiteElo "2070"]
[BlackElo "2260"]
[PlyCount "56"]
[EventDate "1997.08.08"]
[EventType "swiss"]
[EventRounds "12"]
[EventCountry "USA"]
[SourceTitle "EXT 2004"]
[Source "ChessBase"]
[SourceDate "2003.11.25"]
[SourceVersion "1"]
[SourceVersionDate "2003.11.25"]
[SourceQuality "1"]

1. Nf3 d5 2. g3 Nf6 3. Bg2 c6 4. d3 e6 5. 0-0 Be7 6. Nbd2 0-0 7. e4 c5 8. e5 Nfd7 9. Re1 Nc6 10. Nf1 Re8 11. h4 f6 12. exf6 Nxf6 13. Bf4 Bd6 14. Bxd6 Qxd6 15. Ne3 Bd7 16. Nd2 Qf8 17. Ng4 Nxg4 18. Qxg4 Nd4 19. Rac1 Qf7 20. Qd1 Rf8 21. f4 Qg6 22. Kh2 Rae8 23. Bh3 Qf7 24. Nb3 Nxb3 25. axb3 e5 26. Bxd7 Qxd7 27. Rxe5 Rxe5 28. fxe5 Qf5 1/2-1/2

[Event "USA-ch (Women)"]
[Site "Chandler"]
[Date "1997.??.??"]
[Round "9"]
[White "Burtman, Sharon"]
[Black "Hahn, Anna"]
[Result "0-1"]
[WhiteElo "2070"]
[BlackElo "2260"]
[PlyCount "84"]
[EventDate "1997.??.??"]
[EventType "tourn"]
[EventRounds "9"]
[EventCountry "USA"]
[SourceTitle "EXT 1999"]
[Source "ChessBase"]
[SourceDate "1998.11.16"]
[SourceVersion "1"]
[SourceVersionDate "1998.11.16"]
[SourceQuality "1"]

1. d4 d5 2. c4 c6 3. g3 dxc4 4. Nf3 Nf6 5. Bg2 e6 6. 0-0 Be7 7. Qc2 0-0 8. Rd1 b5 9. Nc3 Bb7 10. e4 a6 11. a4 Nbd7 12. Bf4 h6 13. h4 Qb6 14. Re1 Rfe8 15. Rad1 Bb4 16. Qc1 c5 17. e5 Nh7 18. axb5 axb5 19. Bxh6 gxh6 20. Qxh6 Ndf8 21. Ng5 Bxg2 22. Kxg2 Bxc3 23. bxc3 Qb7+ 24. Kg1 Qe7 25. Re4 f5 26. exf6 Qxf6 27. Qh5 Re7 28. Rg4 Rg7 29. Ne4 Qf7 30. Qxf7+ Kxf7 31. Rf4+ Ke7 32. Nxc5 Nf6 33. Re1 Nd5 34. Rf3 Rf7 35. Rxf7+ Kxf7 36. Rc1 Ra3 37. Ne4 Ke7 38. h5 Nh7 39. Kg2 Nhf6 40. Nxf6 Kxf6 41. h6 Nxc3 42. Rh1 Ra8 0-1

[Event "USA-ch (Women)"]
[Site "Chandler"]
[Date "1997.??.??"]
[Round "6"]
[White "Hahn, Anna"]
[Black "Belakovskaia, Anjelina"]
[Result "1/2-1/2"]
[WhiteElo "2260"]
[BlackElo "2355"]
[PlyCount "64"]
[EventDate "1997.??.??"]
[EventType "tourn"]
[EventRounds "9"]
[EventCountry "USA"]
[SourceTitle "EXT 1999"]
[Source "ChessBase"]
[SourceDate "1998.11.16"]
[SourceVersion "1"]
[SourceVersionDate "1998.11.16"]
[SourceQuality "1"]

1. d4 Nf6 2. c4 g6 3. Nc3 Bg7 4. e4 d6 5. Nf3 0-0 6. Be2 e5 7. 0-0 Nc6 8. d5 Ne7 9. b4 Nh5 10. Re1 Nf4 11. Bf1 h6 12. Nd2 c6 13. a4 a5 14. bxa5 c5 15. Nb3 Kh7 16. Ba3 h5 17. Nb5 h4 18. Nxd6 Qxd6 19. Nxc5 Qf6 20. Rb1 Rd8 21. Nxb7 Nc6 22. Nxd8 Nd4 23. Ne6 fxe6 24. d6 Bd7 25. Bb4 Rf8 26. Rb2 Nh3+ 27. gxh3 Nf3+ 28. Qxf3 Qxf3 29. Bg2 Qf7 30. Ra1 Ra8 31. c5 Bc6 32. Be1 Bf6 1/2-1/2